000 00288nam a22001217a 4500
008 181101b xxu||||| |||| 00| 0 eng d
041 _aeng
080 _23 th
_a611
100 _a7
101 _aana
245 _aClinical Neuro Anatomy And Neurophysiology
_cGatz.A.J
942 _2udc
_cBK
999 _c51385
_d51385